Reconstructing the Development of Somerset’s Early Medieval Church

Saved in:

Main Author: Carole Lomas

Format: Book

Language: Undetermined

Online Access: Login to view Source

Tags: Add Tag

No Tags, Be the first to tag this record!

Call Number:

LEADER 00460nmm a2200133Ia 4500
008 240716s9999||||xx |||||||||||||||||und||
020 |a 9781803275796 
020 |a 9781803275802 
100 |a Carole Lomas 
245 1 0 |a Reconstructing the Development of Somerset’s Early Medieval Church  |c Carole Lomas 
264 |b Archaeopress Archaeology  |c 9-مايو-24 
856 4 0 |u http://library.arce.org:8087/Archaeopress/Products/9781803275796 
942 |2 lcc  |c EBOOK 
999 |c 58930  |d 58930